000 00870cam a22002535a 4500
001 L157388
008 121121s2012 xxk f 000 0 eng d
020 _a9781848062696
035 _a(Sirsi) u157388
041 _aeng
050 _a690
110 _aBuilding Research Establishment
245 _aStructural appraisal of existing buildings, including for a material change of use
_bpart 2, preparing for structural appraisal
260 _aGarston, Watford
_bBRE
_c2012
300 _a12p.
_bill.
_c30cm.
350 _a0
490 _aBRE Digest
_v366 Part 2
520 _aExplains how to prepare for structural appraisal of existing buildings, and looks at the factors which can affect the outcome of such an assessment.
651 4 _aUnited Kingdom
_y
690 _aRefurbishment
_96264
690 _aInspection
_96248
942 _n0
948 _c04/03/1997
999 _c114747
_d114747